| 000 | 00865nam1a22002291i 4500 | ||
|---|---|---|---|
| 001 | rc\3195446 | ||
| 005 | 20260406200743.0 | ||
| 035 | _a(NLR Aleph) 007342346 | ||
| 090 |
_a6122537 _c6122537 |
||
| 100 | _a20120628d1976 |||y0rusy50 ca | ||
| 101 | 0 | _arus | |
| 102 | _aRU | ||
| 105 | _ay b ||||| | ||
| 200 | 1 |
_aМатериалы фонда алгоритмов и программ _eАннотированный каталог... _fРед.-сост. В. Драгунене _gАН ЛитССР. Ин-т физики и математики |
|
| 210 |
_aВильнюс _cБ. и. _d1976 |
||
| 215 | _d20 | ||
| 702 | 1 |
_aДрагунене _bВ. _4340 _4220 |
|
| 712 | 0 | 2 |
_aИнститут физики и математики _cВильнюс _3RU\NLR\AUTH\889960301 _9416849 |
| 801 | 0 |
_aRU _bNLR _gpsbo |
|
| 801 | 1 |
_aRU _bELAR _2rusmarc |
|
| 852 |
_aNLR _j77-4/16062 |
||
| 942 | _cBOOK | ||